[Event "Mittelrhein Regionalliga 16/17"]
[Site "Nordrheinwestfalen"]
[Date "2017.01.08"]
[Round "6.4"]
[White "Lytchak, Boris"]
[Black "Gohr, Aron"]
[Result "1/2-1/2"]
[WhiteElo "2116"]
[BlackElo "1975"]
[PlyCount "93"]
[EventDate "2016.09.11"]
[EventType "team-tourn"]
[EventRounds "11"]
[EventCountry "GER"]
[SourceTitle "EXT 2022"]
[Source "ChessBase"]
[SourceDate "2021.10.06"]
[SourceVersion "1"]
[SourceVersionDate "2021.10.06"]
[SourceQuality "1"]
[WhiteTeam "Porz SG III"]
[BlackTeam "Godesberg III"]
[WhiteTeamCountry "GER"]
[BlackTeamCountry "GER"]

1. e4 c5 2. Nf3 d6 3. d4 cxd4 4. Nxd4 Nf6 5. Nc3 g6 6. Bc4 Bg7 7. f3 Nc6 8. Be3 0-0 9. Qd2 Bd7 10. 0-0-0 Rc8 11. Bb3 Ne5 12. Bh6 Nc4 13. Bxc4 Rxc4 14. Bxg7 Kxg7 15. g4 Qa5 16. Kb1 Rfc8 17. Nb3 Qd8 18. e5 Ne8 19. h4 h6 20. Rh2 Be6 21. Qe3 Qb6 22. Qxb6 axb6 23. exd6 Nxd6 24. Nd4 Kf6 25. Re2 Rxc3 26. bxc3 Bc4 27. Re3 Ra8 28. Nb3 Be6 29. Rd4 b5 30. Rf4+ Kg7 31. Re5 Nc4 32. Rc5 Na3+ 33. Kc1 b6 34. Rc7 Nxc2 35. Kxc2 Rxa2+ 36. Kd3 Bxb3 37. Rxe7 g5 38. hxg5 hxg5 39. Rb4 Bc4+ 40. Rxc4 bxc4+ 41. Kxc4 Rf2 42. Re3 Kf6 43. Kd5 b5 44. Kc5 Rb2 45. Rd3 Rb3 46. Kd4 b4 47. cxb4 1/2-1/2

[Event "Mittelrhein Verbandsliga Ost 1314"]
[Site "Mittelrhein"]
[Date "2014.02.09"]
[Round "7.5"]
[White "Gruebner, Christopher"]
[Black "Gohr, Aron"]
[Result "1-0"]
[WhiteElo "2011"]
[BlackElo "1941"]
[PlyCount "39"]
[EventDate "2013.09.15"]
[EventType "team-tourn"]
[EventRounds "11"]
[EventCountry "GER"]
[SourceTitle "EXT 2023"]
[Source "ChessBase"]
[SourceDate "2022.10.05"]
[SourceVersion "1"]
[SourceVersionDate "2022.10.05"]
[SourceQuality "1"]
[WhiteTeam "Rheinbacher SF"]
[BlackTeam "Godesberg IV"]
[WhiteTeamCountry "GER"]
[BlackTeamCountry "GER"]

1. b3 e5 2. Bb2 Nc6 3. e3 d5 4. Bb5 Bd6 5. f4 Qe7 6. Nf3 Bg4 7. h3 Bxf3 8. Qxf3 Nf6 9. fxe5 Bxe5 10. d4 Ne4 11. Bxc6+ bxc6 12. dxe5 Qh4+ 13. g3 Nxg3 14. Qf2 Qe4 15. Rg1 Nf5 16. Kd2 d4 17. exd4 0-0-0 18. Re1 Ng3 19. Qxg3 Rxd4+ 20. Kc1 1-0

[Event "Mittelrhein Verbandsliga Ost 1314"]
[Site "Mittelrhein"]
[Date "2013.12.15"]
[Round "5.4"]
[White "Bigott, Martin"]
[Black "Gohr, Aron"]
[Result "0-1"]
[WhiteElo "1896"]
[BlackElo "1941"]
[PlyCount "56"]
[EventDate "2013.09.15"]
[EventType "team-tourn"]
[EventRounds "11"]
[EventCountry "GER"]
[SourceTitle "EXT 2023"]
[Source "ChessBase"]
[SourceDate "2022.10.05"]
[SourceVersion "1"]
[SourceVersionDate "2022.10.05"]
[SourceQuality "1"]
[WhiteTeam "Lohmar"]
[BlackTeam "Godesberg IV"]
[WhiteTeamCountry "GER"]
[BlackTeamCountry "GER"]

1. d4 Nf6 2. Nf3 g6 3. Bf4 Bg7 4. e3 c5 5. c3 Qb6 6. Qb3 d5 7. Qxb6 axb6 8. Bc7 Nfd7 9. Ne5 Nxe5 10. Bxe5 Bxe5 11. dxe5 Nc6 12. f4 Bf5 13. Nd2 0-0 14. Be2 d4 15. exd4 cxd4 16. cxd4 Nxd4 17. Bd1 Rfc8 18. a4 Nc2+ 19. Bxc2 Rxc2 20. b3 Rac8 21. Rf1 Rb2 22. Rf2 Rcc2 23. h3 Be6 24. Ra3 Bd5 25. a5 bxa5 26. Rxa5 Bxb3 27. Ra1 Bd5 28. Rb1 Rxb1+ 0-1

[Event "Mittelrhein Verbandsliga-M 1112"]
[Site "Germany"]
[Date "2012.05.20"]
[Round "11.6"]
[White "Gohr, Aron"]
[Black "Ax, Paul"]
[Result "1-0"]
[WhiteElo "1895"]
[BlackElo "1831"]
[PlyCount "33"]
[EventDate "2011.09.18"]
[EventType "team-tourn"]
[EventRounds "11"]
[EventCountry "GER"]
[SourceTitle "EXT 2013"]
[Source "ChessBase"]
[SourceDate "2012.11.22"]
[SourceVersion "1"]
[SourceVersionDate "2012.11.22"]
[SourceQuality "1"]
[WhiteTeam "Godesberg V"]
[BlackTeam "Koeln Ford SF II"]
[WhiteTeamCountry "GER"]
[BlackTeamCountry "GER"]

1. Nc3 d5 2. e4 dxe4 3. Nxe4 Nc6 4. Nf3 Bf5 5. Ng3 Bg6 6. Bc4 e6 7. 0-0 Nf6 8. d4 Be7 9. c3 0-0 10. Re1 Re8 11. Nh4 Nd5 12. Nxg6 hxg6 13. Qg4 Nf6 14. Qh3 Bd6 15. Ne4 Nh5 16. Ng5 Be7 17. Nxf7 1-0

[Event "Regionalliga SW 9697"]
[Site "Bayern"]
[Date "1997.??.??"]
[Round "?"]
[White "Foerch, August"]
[Black "Gohr, Aron"]
[Result "1/2-1/2"]
[WhiteElo "1930"]
[BlackElo "1935"]
[PlyCount "25"]
[EventDate "1996.10.??"]
[EventType "team-tourn"]
[EventRounds "9"]
[EventCountry "GER"]
[SourceTitle "EXT 1999"]
[Source "ChessBase"]
[SourceDate "1998.11.16"]
[SourceVersion "1"]
[SourceVersionDate "1998.11.16"]
[SourceQuality "1"]
[WhiteTeam "Tuerkheim"]
[BlackTeam "Muenchen 36 II"]
[WhiteTeamCountry "GER"]
[BlackTeamCountry "GER"]

1. Nf3 d5 2. d4 c6 3. e3 Bg4 4. Be2 Nf6 5. h3 Bh5 6. Nbd2 e6 7. a3 Nbd7 8. 0-0 Bd6 9. c4 0-0 10. c5 Bc7 11. Nh2 Bxe2 12. Qxe2 e5 13. dxe5 1/2-1/2